| 000 | 01351nam0a2200337 4500 | ||
|---|---|---|---|
| 001 | RU\NLR\BIBL_A\022707525 | ||
| 005 | 20260426072436.0 | ||
| 010 |
_a978-5-09-129043-1 _9500 |
||
| 021 |
_aRU _bКН-П-25-073772 _9КН-П-25-7148 |
||
| 035 | _a(NLR Aleph) 022707525 | ||
| 090 |
_a13692796 _c13692796 |
||
| 100 | _a20260426 rusy50 | ||
| 101 | 0 | _arus | |
| 102 | _aRU | ||
| 105 | _aa j 000yy | ||
| 181 | 0 |
_ai _b xxe |
|
| 182 | 0 | _an | |
| 200 | 1 |
_aАгрохимия _e10–11-е классы _eучебное пособие для агротехнологического профиля _fС. А. Пузаков |
|
| 203 |
_aТекст _bвизуальный _cнепосредственный |
||
| 210 |
_aМосква _cПросвещение _d2026 (печ. 2025) |
||
| 215 |
_a175 с. _cил., табл. _d22 |
||
| 225 | 1 | _aШаг в агротех | |
| 225 | 1 | _aФГОС | |
| 333 | _a12+ | ||
| 606 | 1 |
_aАгрономическая химия _jУчебные издания для средней школы _9898911 _3RU\NLR\AUTH\666293 |
|
| 686 | 1 | _aП04я721 | |
| 700 | 1 |
_aПузаков _bС. А. _gСергей Аркадьевич |
|
| 942 | _cBOOK | ||
| 980 | _aNB | ||